Las denominadas clausulas de rescision del contrato de los deportistas profesionales

Bibliographic Details
Main Author: Esquibel Muįz, Unai
Format: Unknown
Language:Spanish
Published: [Madrid] : Dykinson, 2004
Subjects:
Online Access:Acceso restringido

MARC

LEADER 00000ny a22000003n 4500
005 20110524134412.0
008 080624s2004 sp s 000 0 spa c
020 |a 8497726820 
035 |a 1251 
040 |a UMA.RE  |d vLex 
080 |a 347.43:796.071(460) 
080 |a 347.447.8(460)(0.034) 
080 |a 796.071:347.43(460) 
090 |c 225  |d 225 
100 1 |a Esquibel Muįz, Unai 
245 1 4 |a Las denominadas clausulas de rescision del contrato de los deportistas profesionales  |h [Recurso electrn̤ico]  |c Unai Esquibel Muįz 
256 |a Servicio en ln̕ea 
260 |a [Madrid] :  |b Dykinson,  |c 2004 
506 1 |a Contenido solo disponible en los productos indicados  |d vLex Global  |d vLex Global (Academic Edition, excluding Law Schools)  |d vLex Global (U.S. Academic Edition, Law Schools)  |d vLex Global (U.S. Academic Edition, excluding Law Schools)  |d vLex Global (Academic Edition, Law Schools) 
650 0 7 |a Contratos  |2 Tesauro vLex 
650 0 7 |a Civil  |2 Tesauro vLex 
650 0 7 |a Clùsulas contractuales  |2 Tesauro vLex 
650 0 7 |a Rescisin̤ del contrato  |2 Tesauro vLex 
740 0 |a vLex Libros (Servicios en ln̕ea) 
856 4 0 |u http://vlex.com/source/1251  |z Acceso restringido 
942 |c BOOK 
999 0 |a Civil Law   |b Madrid